Mike Meyers' CompTIA A+ guide to managing and troubleshooting PCs lab manual (exams 220-801 & 220-802) / (رقم التسجيلة. 32977)

تفاصيل مارك
000 -الفاتح
حقل البيانات ثابتة الطول 01223cam a2200337 a 4500
001 - رقم الضبط
رقم الضبط 16171750
003 - محدد رقم الضبط
رقم الضبط OSt
005 - وقت وتاريخ اخر تعامل مع التسجيلة
رقم الضبط 20150408114201.0
008 - عناصر البيانات ثابتة الطول - معلومات عامة
حقل البيانات ثابتة الطول 100405s2010 nyua 001 0 eng
010 ## - رقم ضبط مكتبة الكونجرس
رقم ضبط مكتبة الكونجرس 2010012159
015 ## - رقم الببليوجرافية الوطنية
رقم الببليوجرافية الوطنية GBB032942
المصدر bnb
016 7# - رقم ضبط الوكاله الوطنية للضبط الببليوجرافي
رقم ضبط التسجيلة 015499215
المصدر Uk
020 ## - الرقم الدولى المعيارى للكتب
الرقم الدولى المعيارى للكتاب 9780071795913
020 ## - الرقم الدولى المعيارى للكتب
الرقم الدولى المعيارى للكتاب 0071702997 (alk. paper)
035 ## - رقم ضبط النظام
رقم ضبط النظام (OCoLC)ocn607083750
040 ## - مصدر الفهرسة
وكالة الفهرسة الأصلية DLC
وكالة النسخ DLC
وكالة التعديل YDX
-- UKM
-- YDXCP
-- VP@
-- DLC
050 00 - رقم طلب مكتبة الكونجرس
رقم التصنيف TK7887
رقم المادة .M46 2010
082 00 - رقم تصنيف ديوى العشرى
رقم التصنيف 621.39160288
رقم الطبعة 22
رقم المادة MMM
100 1# - المدخل الرئيسى - إسم شخصى
الإسم الشخصى Meyers, Michael,
التواريخ المصاحبة للاسم 1961-
245 10 - بيان العنوان
العنوان Mike Meyers' CompTIA A+ guide to managing and troubleshooting PCs lab manual (exams 220-801 & 220-802) /
بيان المسئوليه,etc Mike Meyers, Debby Hallcom.
246 3# - العنوان الموازى
عنوان صحيح/عنوان مختصر A+ guide to managing and troubleshooting PCs lab manual
250 ## - بيان الطبعة
بيان الطبعة 4th ed.
260 ## - PUBLICATION, DISTRIBUTION, ETC. (IMPRINT)
مكان الناشر او الموزع New York :
اسم الناشر او الموزع McGraw-Hill,
تاريخ النشر أو التوزيع 2012.
300 ## - الوصف المادى
التعداد xviii, 538 p. :
تفاصيل ماديه اخرى للوعاء ill. ;
أبعاد الوعاء 28 cm.
500 ## - تبصرة عامة
تبصرة عامة Includes index.
650 #0 - المدخل الاضافى بالموضوع-مصطلح موضوعى
مصطلح موضوعي أو اسم جغرافي كعنصر مدخل Microcomputers
التقسيم الفرعي العام Maintenance and repair
-- Examinations
التقسيم الفرعي الشكلي Study guides.
9 (RLIN) 41684
700 1# - المدخل الاضافى - اسم شخصى
الإسم الشخصى Hallcom, Debby.
9 (RLIN) 41685
906 ## - عنصر بيانات محلى F, LDF (RLIN)
a 7
b cbc
c orignew
d 1
e ecip
f 20
g y-gencatlg
942 ## - عناصر المدخل الإضافي( كوها)
مصدر التصنيف او مخطط الترفيف Dewey Decimal Classification
Koha [default] item type DVD
المقتنيات
حالة الفقد نموذج السعر الفعال حالة تلف ليس للاعارة رقم الطلب تاريخ الاكتساب الموقع الحالي الفرع الرئيسي Date last seen نوع المادة فى نظام كوها مصدر التصنيف او خطة الترفيف Total Checkouts
  2014-01-07     621.39160288 MMM 2014-01-07 المكتبة المركزية بالمجمعة (CL) المكتبة المركزية بالمجمعة (CL) 2014-01-07 كتاب Dewey Decimal Classification